The new city; (Record no. 352664)
[ view plain ]
| 000 -LEADER | |
|---|---|
| fixed length control field | 00540 a2200169 4500 |
| 010 ## - LIBRARY OF CONGRESS CONTROL NUMBER | |
| LC control number | 45001132 |
| 035 ## - SYSTEM CONTROL NUMBER | |
| System control number | (OCoLC)945334 |
| 082 ## - DEWEY DECIMAL CLASSIFICATION NUMBER | |
| Classification number | 711.4 |
| 090 ## - LOCALLY ASSIGNED LC-TYPE CALL NUMBER (OCLC); LOCAL CALL NUMBER (RLIN) | |
| -- | 552 |
| -- | 552 |
| 100 1# - MAIN ENTRY--PERSONAL NAME | |
| Personal name | Hilberseimer, Ludwig. |
| 245 14 - TITLE STATEMENT | |
| Title | The new city; |
| Remainder of title | principles of planning, |
| Statement of responsibility, etc. | by L. Hilberseimer, with an introduction by Mies van der Rohe. |
| 260 ## - PUBLICATION, DISTRIBUTION, ETC. | |
| Place of publication, distribution, etc. | Chicago, |
| Name of publisher, distributor, etc. | P. Theobald, |
| Date of publication, distribution, etc. | 1944. |
| 300 ## - PHYSICAL DESCRIPTION | |
| Extent | xv, 17-192 p. |
| Other physical details | illus. (incl. maps) diagrs. |
| Dimensions | 29 x 23 cm. |
| 500 ## - GENERAL NOTE | |
| General note | "First edition." |
| 650 #0 - SUBJECT ADDED ENTRY--TOPICAL TERM | |
| Topical term or geographic name entry element | City planning. |
| 942 ## - ADDED ENTRY ELEMENTS (KOHA) | |
| Institution code [OBSOLETE] | SADA |
| Koha item type | Book |
| Call number prefix | 711.4 HIL 1944 |
| Withdrawn status | Lost status | Source of classification or shelving scheme | Damaged status | Not for loan | Permanent Location | Current Location | Date acquired | Total Checkouts | Full call number | Barcode | Date last seen | Cost, replacement price | Price effective from | Koha item type |
|---|---|---|---|---|---|---|---|---|---|---|---|---|---|---|
| School of Art Design and Architecture (SADA) | School of Art Design and Architecture (SADA) | 02/17/2011 | 711.4 HIL 1944 | SADA0000666 | 08/05/2011 | 2171.00 | 08/05/2011 | Book |
